| 000 | 00452nam a2200169Ia 4500 | ||
|---|---|---|---|
| 008 | 230718s9999 xx 000 0 und d | ||
| 020 | _a9788129111470 | ||
| 041 | _aeng | ||
| 082 |
_a332.1'2'0924 _bSUB |
||
| 100 |
_aSubramanian R. _9117783 |
||
| 245 | _aIf God Was A Banker | ||
| 260 |
_c2010 _bRupa.Co |
||
| 300 | _a260 | ||
| 365 |
_cRs. _b195.00 |
||
| 700 |
_aSubramanian R. _9117783 |
||
| 906 |
_dO:0119825-Oct-2010B:560929-Sep-2010 _cGENRL _b48.75 |
||
| 999 |
_c326116 _d326116 |
||